A temperature change in elastic and acoustic properties of auricupride; IOP Conference Series: Materials Science and Engineering; Vol. 124 : Mechanical Engineering, Automation and Control Systems (MEACS2015)

Bibliographic Details
Parent link:IOP Conference Series: Materials Science and Engineering
Vol. 124 : Mechanical Engineering, Automation and Control Systems (MEACS2015).— 2016.— [012144, 4 p.]
Main Author: Tesleva E. P. Elena Pavlovna
Corporate Author: Национальный исследовательский Томский политехнический университет (ТПУ) Юргинский технологический институт (филиал) (ЮТИ) Кафедра естественного научного образования (ЕНО)
Other Authors: Sorokin B. P.
Summary:Title screen
Changes in acoustic and elastic properties of auricupride approach within the high temperature interval and close to an order-disorder phase transition have been discussed. Calculations of the phase velocities of purely transverse and longitudinal elastic waves, elastic moduli and Poisson's ratios based on elastic constants cij(T) of the crystal have been executed. Temperature changes of Grüneisen parameter along crystallographic directions [100], [110] and [111] have been defined.
Language:English
Published: 2016
Series:Materials Science in Mechanical Engineering
Subjects:
Online Access:http://dx.doi.org/10.1088/1757-899X/124/1/012144
http://earchive.tpu.ru/handle/11683/33891
Format: Electronic Book Chapter
KOHA link:https://koha.lib.tpu.ru/cgi-bin/koha/opac-detail.pl?biblionumber=648617

MARC

LEADER 00000nla2a2200000 4500
001 648617
005 20231102025609.0
035 |a (RuTPU)RU\TPU\network\13776 
035 |a RU\TPU\network\13766 
090 |a 648617 
100 |a 20160526a2016 k y0engy50 ba 
101 0 |a eng 
102 |a GB 
105 |a y z 100zy 
135 |a drgn ---uucaa 
181 0 |a i  
182 0 |a b 
200 1 |a A temperature change in elastic and acoustic properties of auricupride  |f E. P. Tesleva, B. P. Sorokin 
203 |a Text  |c electronic 
225 1 |a Materials Science in Mechanical Engineering 
300 |a Title screen 
320 |a [References: 8 tit.] 
330 |a Changes in acoustic and elastic properties of auricupride approach within the high temperature interval and close to an order-disorder phase transition have been discussed. Calculations of the phase velocities of purely transverse and longitudinal elastic waves, elastic moduli and Poisson's ratios based on elastic constants cij(T) of the crystal have been executed. Temperature changes of Grüneisen parameter along crystallographic directions [100], [110] and [111] have been defined. 
461 0 |0 (RuTPU)RU\TPU\network\2008  |t IOP Conference Series: Materials Science and Engineering 
463 0 |0 (RuTPU)RU\TPU\network\13617  |t Vol. 124 : Mechanical Engineering, Automation and Control Systems (MEACS2015)  |o International Conference, 1–4 December 2015, Tomsk, Russia  |o [proceedings]  |v [012144, 4 p.]  |d 2016 
610 1 |a электронный ресурс 
610 1 |a труды учёных ТПУ 
610 1 |a температура 
610 1 |a упругие свойства 
610 1 |a акустические свойства 
610 1 |a фазовые переходы 
610 1 |a кристаллы 
610 1 |a твердые тела 
610 1 |a межатомные связи 
700 1 |a Tesleva  |b E. P.  |c physicist  |c Associate Professor of Yurga technological Institute of Tomsk Polytechnic University, Candidate of physical and mathematical Sciences  |f 1976-  |g Elena Pavlovna  |2 stltpush  |3 (RuTPU)RU\TPU\pers\33093  |9 16925 
701 1 |a Sorokin  |b B. P. 
712 0 2 |a Национальный исследовательский Томский политехнический университет (ТПУ)  |b Юргинский технологический институт (филиал) (ЮТИ)  |b Кафедра естественного научного образования (ЕНО)  |h 7134  |2 stltpush  |3 (RuTPU)RU\TPU\col\18894 
801 2 |a RU  |b 63413507  |c 20161125  |g RCR 
856 4 |u http://dx.doi.org/10.1088/1757-899X/124/1/012144 
856 4 |u http://earchive.tpu.ru/handle/11683/33891 
942 |c CF